Word Scramble - Rivers - Statistics

General Stats
  • This quiz has been taken 50 times
  • The average score is 6 of 10
Answer Stats
Answer % Correct
Amazon
100%
Congo
100%
Danube
100%
Murray
100%
Niger
100%
Nile
100%
Ob
100%
Volga
100%
Yangtze
100%
Yellow
100%
Indus
50%
Tocantins
50%
Salween
33%
Amur
0%
Ganges
0%
Lena
0%
Mackenzie
0%
Mekong
0%
Mississippi
0%
Paraná
0%
Rio Grande
0%
Saint Lawrence
0%
São Francisco
0%
Shatt al-Arab
0%
Syr Darya
0%
Yenisei
0%
Yukon
0%
Zambezi
0%
No matching quizzes found
Score Distribution
Percent of People with Each Score
Percentile by Number Answered
Your Score History
You have not taken this quiz